Wird geladen...
Muktibodh ki samikshaaaii
| 1. Verfasser: | |
|---|---|
| Format: | Printed Book |
| Veröffentlicht: |
New Delhi:
Radhskrishna,
2006
|
| LEADER | 00439nam a22001337a 4500 | ||
|---|---|---|---|
| 008 | 140827b ii||||| |||| 00| 0 hin d | ||
| 999 | |c 248587 |d 248587 | ||
| 020 | |a 8171193676 | ||
| 100 | |a Ashok Chakradhar | ||
| 245 | |a Muktibodh ki samikshaaaii | ||
| 260 | |a New Delhi: |b Radhskrishna, |c 2006 | ||
| 546 | |a in Hindi | ||
| 942 | |c BK | ||
| 952 | |0 0 |1 0 |4 0 |6 S_51_000000000000000 |7 0 |9 275926 |a HIN |b HIN |c ST1 |d 2018-07-18 |i 22516 |l 0 |o s51 |p HIN22516 |r 2018-07-18 |w 2018-08-23 |y BK | ||